000 00627cam a2200169 a 4500
008 040709s1991 mx 000 0 spa u
020 _a986415173
035 _aa438902
050 0 0 _aHE2819 .S26
_bP75 1991
245 0 0 _aPrimer centenario del ferrocarril en San Luis Potosí 1888-1988 /
_cCarmen Cordero de Burgos...[et al.].
250 _a1a ed.
260 _aSan Luis Potosí, S.L.P., Mex. :
_bArchivo Histórico del Estado de San Luis Potosí,
_c1991.
300 _a122 p. ;
_c23 cm.
650 4 _aFerrocarriles
_zMéxico
_zSan Luis Potosí
_xHistoria
700 1 _aCordero de Burgos, Carmen, coaut.
942 _2lcc
_cLIB
999 _c67235
_d67235